Vývoj biosenzorov pre monitoring etanolovej fermentácie s imobilizovanými kvasinkami

Na minha lista:
Detalhes bibliográficos
Autor principal: Valach, Milan
Formato: Livro
Idioma:eslovaco
Publicado em: Bratislava Fakulta chemickej a potravinárskej technológie STU 2007
Assuntos:
Acesso em linha:View in OPAC
Tags: Adicionar Tag
Sem tags, seja o primeiro a adicionar uma tag!

MARC

LEADER 00000nam a2200000 a 4500
005 20260127134149.0
008 080515 2007 xo 000 0 slo d
035 |a vtls009294400 
039 9 |a 200805201003  |b mschk02  |y 200805151015  |z mschk02 
040 |a STUSCHK1  |b slo  |c STUSCHK1  |e AACR2 
100 1 |a Valach, Milan  |9 1113 
245 1 |a Vývoj biosenzorov pre monitoring etanolovej fermentácie s imobilizovanými kvasinkami  |c Milan Valach 
260 |a Bratislava  |b Fakulta chemickej a potravinárskej technológie STU  |c 2007 
300 |a 80 s.  |b obr.,tab.,grafy,lit.,  |c 30 cm 
500 |a Ústav biotechnológie a potravinárstva, Odd. biochemickej technológie 
650 0 |a fermentačné procesy 
650 0 |a biosenzory 
910 |a SCHK95 
999 |c 5581  |d 5581